This Song- Conan Gray (Lyrics) - Statistics

General Stats
  • This quiz has been taken 63 times
  • The average score is 211 of 227
Answer Stats
Part Lyrics % Correct
a
100%
about
100%
And
100%
I
100%
Outro (I
100%
say
100%
so
100%
song
100%
the
100%
The
100%
this
100%
to
100%
tried
100%
wrote
100%
Bridge | Verse 1 You
100%
you
100%
you)
100%
Eleven
96%
hear
96%
I'll
96%
is
96%
Is
96%
it
96%
knew
96%
know
96%
love
96%
on
96%
that
96%
Chorus That
96%
too
96%
too?
96%
voice
96%
wish
96%
all
93%
back
93%
But
93%
but
93%
eleven's
93%
in
93%
I've
93%
like
93%
me
93%
my
93%
name
93%
now
93%
Now
93%
rain
93%
Something
93%
straight
93%
they
93%
Verse 2 We
93%
when
93%
your
93%
Your
93%
bedroom
89%
can
89%
can't
89%
Elton
89%
feeling
89%
have
89%
Heaven
89%
I'm
89%
John
89%
sat
89%
tell
89%
through
89%
train
89%
words
89%
you're
89%
You're
89%
are
85%
'bout
85%
cry
85%
drive
85%
eyes
85%
hears
85%
heart
85%
hope
85%
if
85%
jacket
85%
laughing
85%
lines
85%
obnoxious
85%
read
85%
She
85%
she
85%
singing
85%
spring
85%
these
85%
We're
85%
hands
81%
help
81%
it's
81%
mind
81%
mother
81%
of
81%
over
81%
perfume
81%
see
81%
shy
81%
smell
81%
suburbs
81%
tracks
81%
Yeah
81%
brown
78%
favorite
78%
joke
78%
sleeves
78%
songs
78%
easy
74%
off
74%
racer
74%
wash
74%
believing
70%
might
70%
playin'
70%
dumb
67%
No matching quizzes found
Score Distribution
Percent of People with Each Score
Percentile by Number Answered
Your Score History
You have not taken this quiz